| 000 | 00750nam a2200229 i 4500 | ||
|---|---|---|---|
| 001 | 15929 | ||
| 003 | ES-MaACL | ||
| 005 | 20230906151210.0 | ||
| 007 | t| | ||
| 008 | 000519s1999 sp a |||| | spa d | ||
| 020 | _a84-95183-30-7 | ||
| 020 | _a84-451-1686-X | ||
| 080 | _a7 Corazón, Alberto | ||
| 245 | 0 | 0 |
_aAlberto Corazón, diseñador / _c[Alberto Corazón ... et al.]. |
| 260 |
_aMadrid : _bConsejería de Educación, _c[1999] |
||
| 300 |
_a2 v. : _bil. col. ; _c26 cm. |
||
| 505 | 8 | _a1. Símbolos y objetos -- 2. Libros, carteles, imágenes | |
| 600 | 1 | 4 |
_aCorazón, Alberto. _940446 |
| 700 | 1 |
_aCorazón, Alberto. _940446 |
|
| 710 | 1 |
_aMadrid (Comunidad Autónoma). _bConsejería de Educación. _95600 |
|
| 852 |
_aES-MaACL _jL-22821-22 |
||
| 999 |
_c15929 _d15929 |
||